| 000 | 00896nam a2200217Ii 4500 | ||
|---|---|---|---|
| 003 | JO-AjNU | ||
| 008 | 230605s9999||||xx |||||||||||||| ||und|| | ||
| 017 | _a2021/8/4496 | ||
| 020 | _a978-9957-95-901-2 | ||
| 040 |
_aJO-AjNU _bara _erda _cJO-AjNU |
||
| 041 | _aara | ||
| 050 | 1 | 4 | _aHF5549.5.2022 |
| 100 | 3 |
_a سفيان، قسول، م.مشارك حمول طارق, _eauthor _961608 |
|
| 245 | 0 | 0 | _aالنظرة الحديثة لإدارة الموارد البشرية |
| 264 | 3 | 1 | _aعمان: دار الايام للنشر والتوزيع، 2022 |
| 300 |
_a198ص _b ويحتوي على قائمة مراجع وببلوغرافيا من ص187-ص198 |
||
| 336 |
_atext _btxt _2rdacontent |
||
| 337 |
_aunmediated _bn _2rdamedia |
||
| 338 |
_avolume _bnc _2rdacarrier |
||
| 650 | 4 |
_aالموارد البشرية-ادارة الافراد-تدريب الموظفين-المنظمات _961609 |
|
| 999 |
_aA27856 _c31424 _d31424 |
||